000 00423nam a2200169 a 4500
001 1762179102523
003 ACL
005 20251103194429.0
008 251103s2008##################000#0#eng##
020 _a9780071266185
082 0 4 _a658.1552
_bBLO
245 1 0 _aCases and Readings Manual for Use with Cost Management :
260 _c2008.
650 0 _aCost accounting.
942 _cENGLISH
040 _aACL
_beng
_cACL
999 _c595458
_d595458